Países limítrofes con Mozambique, con un mapa en blanco - Estadísticas

Estadísticas generales
  • Esta prueba ha sido intentada 61 veces
    58 desde el último reinicio
  • La puntuación promedio es 5 de 6
Respuestas en el mapa
Las respuestas están codificadas por una escala verde-roja en el mapa de la prueba según el % correcto abajo.
 
Estadísticas de respuestas
País % Correcto
Sudáfrica
94%
Zambia
94%
Zimbabue
92%
Tanzania
90%
Malaui
86%
Suazilandia
86%
No se encontraron pruebas coincidentes
Distribución de puntuación
Porcentaje de gente con cada puntuación
Porcentaje por número respondido
Historial de tus puntuaciones
No has intentado esta prueba desde el último reinicio